| 000 | 02132nam a22002897a 4500 | ||
|---|---|---|---|
| 999 |
_c21731 _d21731 |
||
| 003 | AR-CdUCM | ||
| 008 | 190425b ||||| |||| 00| 0 spa d | ||
| 040 |
_aMUNICIPALIDAD PROVINCIAL DEL CUSCO _cBIBLIOTECA MUNICIPAL DEL CUSCO |
||
| 082 |
_aRev.Univ/N°74/1938 _bRev.Univ/N°74/1938 |
||
| 110 |
_aUniversidad Nacional de San Antonio Abad del Cusco _915942 |
||
| 245 |
_aRevista Universitaria : _bÓrgano de la Universidad del Cuzco / |
||
| 260 |
_aCusco : _bH. G. Rozas, _c1938. |
||
| 300 |
_a186 páginas. : _c20 cm. |
||
| 440 |
_aRevista Universitaria _nAño XXVII, 1° semestre 1938, N°74 _945905 |
||
| 505 | _aContenido: La planta y el hombre discurso pronunciado por César Vargas. -- Contribución al estudio de la Flora peruana. César Vargas. -- Las diatomeas y su preparación. J. Soukup S.S. -- Concordancias entre el código civil i el código penal. -- Francisco Ponce de León. -- Los derechos de los acreedores hipotecarios en el juicio de quiebra. César Augusto Muñiz. -- La tasación de los bienes inmuebles del quebrado. César Augusto Muñiz. -- Indigenismo i serranísmo. Alfredo Yépez Miranda. -- Notas bibliográficas Los caballeros del delito. Alfredo Yépez Miranda. -- La tercera junta de rectores de las universidades oficiales del Perú. -- Garcilazo Inca de la Vega. Jorge Cornejo Bouroncle. -- Charla sustentada por el catedrático de la facultad de Derecho i decano del Colegio de Abogados en el paraninfo de la Universidad en el Día del Indio. -- La America mestiza. José Uriel García. -- Los intentos de enseñar Medicina en la Universidad de San Antonio Abad del Cuzco. -- Los procesos acumulativos. -- Crónica universitaria. | ||
| 650 |
_aHistoria del Cusco _91714 |
||
| 650 |
_aBotánica cusqueña _945807 |
||
| 650 |
_aIndigenismo _9208 |
||
| 650 |
_aInca Garcilaso de la Vega _9300 |
||
| 700 |
_aYépez Miranda, Alfredo _94230 |
||
| 700 |
_aGarcía Ochoa, Uriel José _945906 |
||
| 700 |
_aPonce de León, Francisco _929819 |
||
| 700 |
_aCornejo Bouroncle, Jorge _915278 |
||
| 710 |
_aUniversidad Nacional de San Antonio Abad del Cusco _915942 |
||
| 942 |
_2ddc _cPP |
||
| 945 | _arac | ||